| 000 | 01192nam a2200277 i 4500 | ||
|---|---|---|---|
| 001 | 100079 | ||
| 003 | ES-MaACL | ||
| 005 | 20251103131629.0 | ||
| 007 | t| | ||
| 008 | 050921s1916 sp a |||| | spa d | ||
| 080 | _a821.134.2-22"19" | ||
| 100 | 1 |
_aMartínez Sierra, Gregorio, _d1881-1947 _978429 |
|
| 245 | 1 | 0 |
_aNavidad : _bmilagro en tres cuadros / _cpor Gregorio Martínez Sierra ; música de Joaquín Turina ; [dibujos de Alberto Durero]. |
| 260 |
_aMadrid : _bRenacimiento, _c1916 ( _fImp. Clásica Española) |
||
| 300 |
_a108 p. : _bil. ; _c27 x 20 cm. |
||
| 505 | 8 | _aContiene: Florilegio de Navidad | |
| 530 | _aDisponible en formato digital. | ||
| 594 | _aObra en colaboración entre Gregorio Martínez Sierra y María Lejárraga (María Martínez Sierra) | ||
| 700 | 1 |
_aTurina, Joaquín, _d1882-1949 _9111710 |
|
| 700 | 1 |
_aDürer, Albrecht, _d1471-1528 _9240966 |
|
| 700 | 1 |
_aMartínez Sierra, María, _d1874-1974 _978430 |
|
| 852 | 4 |
_aES-MaACL _jG-12466 _cSPP3 _q Conservando cubierta original _xEncuadernación holandesa |
|
| 856 | 4 |
_uhttps://archive.org/details/navidadmilagroen00mart/page/n7 _yInternet Archive |
|
| 942 | _2udc | ||
| 999 |
_c100079 _d100079 |
||